000 02475nam a2200409 a 4500
001 00013127
003 WSP
005 20260416153411.0
007 cr |nu|||unuuu
008 230221s2023 si ob 001 0 eng d
020 _a9789811265839
_q(ebook)
020 _a9811265836
_q(ebook)
020 _z9789811265822
_q(hbk.)
040 _aWSPC
_beng
_cWSPC
050 4 _aTK1087
072 7 _aTEC
_x031010
_2bisacsh
072 7 _aSCI
_x003000
_2bisacsh
072 7 _aTEC
_x008090
_2bisacsh
082 0 4 _a621.31244
_223
049 _aMAIN
245 0 0 _aLight power :
_bhalf a century of solar electricity research.
_nVolume 3,
_pEarly 21st century photovoltaic systems /
_ceditor, David Faiman.
246 3 0 _aEarly 21st century photovoltaic systems
260 _aSingapore :
_bWorld Scientific,
_cc2023.
300 _a1 online resource (xiii, 378 p.)
504 _aIncludes bibliographical references and index.
505 0 _aIntroduction -- 2001 -- 2002 -- 2004 -- 2005 -- 2007 -- 2008 -- 2010 -- 2011 -- 2013 -- 2015.
520 _a"This is the final volume of a 3-volume history of solar power generating systems covering the approximately 50 years of research and development surrounding the energy crisis of 1973. Volume 1 focused on solar-thermal systems and the second volume on photovoltaic systems in the 20th century. Volume 3 covers photovoltaic developments from the start of the 21st century. The history is based upon keynote lectures given by international specialists at the Sede Boqer Symposia on Solar Electric Power Production, a series that commenced in 1986. The lectures document many technical details that have become hard to find, including some pertaining to technologies that were successfully demonstrated but subsequently discontinued owing to their not having been deemed to be cost-effective at the time. However, in the event that different economic considerations may ensue, these volumes can provide a valuable starting point, including references, for the re-investigation of some of those once abandoned ideas"--
_cPublisher's website.
538 _aMode of access: World Wide Web.
538 _aSystem requirements: Adobe Acrobat Reader.
650 0 _aPhotovoltaic power generation.
650 0 _aSolar power plants
_xHistory.
650 0 _aSolar energy
_xHistory.
655 0 _aElectronic books.
700 1 _aFaiman, D.
856 4 0 _uhttps://www.worldscientific.com/worldscibooks/10.1142/13127#t=toc
942 _cE-BOOK
999 _c49752
_d49752